A kézműves sörök elterjedése Magyarországon

Bibliográfiai részletek
Szerző: Börönte Bence
További közreműködők: Nagy Mihály
Dokumentumtípus: Diplomadolgozat
Kulcsszavak:Kézműves sör
Online Access:http://dolgozattar.uni-bge.hu/18355

MARC

LEADER 00000nta a2200000 i 4500
001 dolg18355
005 20181127150301.0
008 181127suuuu hu om 000 hun d
040 |a BGE Dolgozattár Repozitórium  |b hun 
041 |a hu 
100 1 |a Börönte Bence 
245 1 2 |a A kézműves sörök elterjedése Magyarországon  |c Börönte Bence  |h [elektronikus dokumentum] 
246 1 1 |a A kézműves sörök elterjedése Magyarországon 
695 |a Kézműves sör 
700 1 |a Nagy Mihály  |e ths 
856 4 0 |u http://dolgozattar.uni-bge.hu/18355/1/B%C3%B6r%C3%B6nte%20Bence_EGHSFO_TVVend.pdf  |z Dokumentum-elérés